| 000 | 01118cam a2200385 i 4500 | ||
|---|---|---|---|
| 001 | 0000628 | ||
| 003 | DO-SdBNP | ||
| 005 | 20180125130402.0 | ||
| 007 | 0000628 | ||
| 008 | 100514s 2009 sp | |||| 000 f spa | ||
| 015 | _a | ||
| 017 |
_a _b |
||
| 020 | _a9788403099203 | ||
| 035 | _a | ||
| 040 |
_aBPMSU _bspa _cBPMSU _e |
||
| 080 | _a | ||
| 082 |
_a370 _bU81e, 2009 |
||
| 100 | 1 |
_aUrra, Javier, _d1957- |
|
| 245 | 1 | 0 |
_aEducar con sentido común _btodo lo que hay que saber para que tus hijos y tú seáis felices / _cJavier Urra |
| 250 | _a3a. ed. | ||
| 260 |
_aMadrid: _bAguilar, _bSantillana ediciones generales, _c2009. |
||
| 300 |
_a466 p.: _c24 cm |
||
| 500 | _aIncluye datos biográficos del autor. | ||
| 504 | _aBibliografía: p. 443-445 | ||
| 650 | _aEDUCACIÓN | ||
| 650 | _aPADRES E HIJOS | ||
| 650 | _aEDUCACIÓN EN EL HOGAR | ||
| 650 | _aEDUCACIÓN PARA LA VIDA FAMILIAR | ||
| 650 | _aVALORES SOCIALES | ||
| 650 | _aCONDUCTA (ETICA) | ||
| 650 | _aCRIANZA DE NIÑOS | ||
| 942 |
_2ddc _cBK |
||
| 945 | _aInventariado extranjero / 2018 VM | ||
| 956 |
_aYLOCKWARD _810 _cBPMSU |
||
| 999 |
_c11234 _d11234 |
||